Snaha VÚB o reštrukturalizáciu úverov: nie udalosť, ale proces

Stratégia starostlivosti VÚB o rizikové úvery. Potreba reštrukturalizácie úverov. Úloha veriteľa v procese reštrukturalizácie. Pružnosť banky. Predpoklady úspechu procesu reštrukturalizácie - tím plus analýza plus organizácia práce. Konkurencieschopnosť výrobkov a služieb - jeden z predpokladov úspe...

Descripción completa

Guardado en:
Detalles Bibliográficos
Autor principal: Balko, Ladislav
Formato: Capítulo de libro
Lenguaje:eslovaco
Materias:
Etiquetas: Agregar Etiqueta
Sin Etiquetas, Sea el primero en etiquetar este registro!

MARC

LEADER 00000naa a2200000 4500
001 r018622
005 20221213101110.5
041 0 |a slo 
044 |a SK 
245 1 0 |a Snaha VÚB o reštrukturalizáciu úverov: nie udalosť, ale proces  |c Ladislav Balko 
520 |a Stratégia starostlivosti VÚB o rizikové úvery. Potreba reštrukturalizácie úverov. Úloha veriteľa v procese reštrukturalizácie. Pružnosť banky. Predpoklady úspechu procesu reštrukturalizácie - tím plus analýza plus organizácia práce. Konkurencieschopnosť výrobkov a služieb - jeden z predpokladov úspešnej reštrukturalizácie. Zákonné práva zúčastnených strán. Plán reštrukturalizácie. 
610 2 0 |a úver bankový 
610 2 0 |a reštrukturalizácia 
610 2 0 |a banky 
610 2 0 |a VÚB Bratislava 
610 2 0 |a veritelia 
610 2 0 |a dlžníci 
610 2 0 |a Slovensko 
100 1 |a Balko, Ladislav